000 00719nam a22002537a 4500
001 90928
003 UA-OsUOA
005 20211005150425.0
007 ta
008 20121120b un ||||| |||| 00| 0 ukr d
040 _aUA-OsUOA
_bukr
_cUA-OsUOA
_dUA-OsUOA
041 _aukr
080 _a821.161.2
090 _a821.161.2
_bР49
100 _aРибак Н.
245 _aПереяславська Рада
_bроман в 2 т.
_nКн. 1 – 4
260 _aК.
_bДніпро
_c1988
300 _a477 с.
505 _gТ. 2
650 7 _a82 Література. Літературознавство
_2UDC
942 _cBK
_2udc
955 _a3
999 _c377222
_d377222